[Event "Moscow op-B (Women)"]
[Site "Moscow"]
[Date "2016.02.07"]
[Round "9"]
[White "Verbova, Polina"]
[Black "Popova, Anna"]
[Result "1-0"]
[WhiteElo "1953"]
[BlackElo "1987"]
[PlyCount "79"]
[EventDate "2016.01.30"]
[EventType "swiss"]
[EventRounds "9"]
[EventCountry "RUS"]
[SourceTitle "CBM 170 Extra"]
[Source "ChessBase"]
[SourceDate "2016.02.25"]
[SourceVersion "1"]
[SourceVersionDate "2016.02.25"]
[SourceQuality "1"]

1. c4 e5 2. Nc3 Nf6 3. g3 d5 4. cxd5 Nxd5 5. Bg2 c6 6. d4 Bb4 7. Bd2 Nxc3 8. bxc3 Bd6 9. e3 0-0 10. Ne2 Be6 11. f4 exf4 12. exf4 Nd7 13. 0-0 f5 14. Nc1 Qb6 15. Re1 Bc4 16. Qc2 Ba3 17. Rb1 Qa6 18. Bf1 Bxf1 19. Rxf1 Bxc1 20. Rfxc1 Nb6 21. c4 Rad8 22. Be3 Rfe8 23. Bf2 Qa5 24. c5 Nd5 25. Rxb7 Qa6 26. Rb2 Re4 27. Qb3 Rde8 28. Rc4 Qc8 29. Ra4 Qd8 30. Rxa7 g5 31. Kf1 gxf4 32. gxf4 Rxf4 33. Qg3+ Rg4 34. Qh3 Re7 35. Rbb7 Rf4 36. Qg3+ Rg4 37. Rb8 Rxg3 38. Rxd8+ Kf7 39. Rxe7+ Kxe7 40. Rxd5 1-0

[Event "Elets-C op"]
[Site "Elets"]
[Date "2009.09.13"]
[Round "3"]
[White "Popova, Anna"]
[Black "Lomovskih, Alexey"]
[Result "0-1"]
[WhiteElo "1731"]
[BlackElo "1800"]
[PlyCount "70"]
[EventDate "2009.09.12"]
[EventType "swiss"]
[EventRounds "9"]
[EventCountry "RUS"]
[SourceTitle "CBM 132 Extra"]
[Source "ChessBase"]
[SourceDate "2009.11.03"]
[SourceVersion "1"]
[SourceVersionDate "2009.11.03"]
[SourceQuality "1"]

1. e4 c5 2. Nf3 d6 3. d4 cxd4 4. Nxd4 Nf6 5. Nc3 a6 6. g3 e6 7. Bg2 Nc6 8. Bg5 Be7 9. 0-0 h6 10. Be3 Bd7 11. f4 Qc7 12. Kh1 Rc8 13. Qe2 b5 14. a3 e5 15. Nf5 Bxf5 16. exf5 0-0 17. Rad1 Rfd8 18. g4 exf4 19. Bxf4 Ne5 20. Bf3 Re8 21. Rfe1 Bf8 22. Qg2 Nh7 23. Bb7 Rb8 24. Bd5 b4 25. axb4 Rxb4 26. Bxe5 Rxe5 27. Bb3 Nf6 28. h3 Rb8 29. Ne4 Nxe4 30. Rxe4 Qe7 31. Rxe5 dxe5 32. Qe2 Qb7+ 33. Kh2 Re8 34. Rd5 e4 35. Ra5 Qc7+ 0-1

[Event "Elets-C op"]
[Site "Elets"]
[Date "2009.09.12"]
[Round "1"]
[White "Geranichev, Mikhail"]
[Black "Popova, Anna"]
[Result "0-1"]
[WhiteElo "1959"]
[BlackElo "1731"]
[PlyCount "68"]
[EventDate "2009.09.12"]
[EventType "swiss"]
[EventRounds "9"]
[EventCountry "RUS"]
[SourceTitle "CBM 132 Extra"]
[Source "ChessBase"]
[SourceDate "2009.11.03"]
[SourceVersion "1"]
[SourceVersionDate "2009.11.03"]
[SourceQuality "1"]

1. e4 c5 2. Nf3 Nc6 3. d4 cxd4 4. Nxd4 e5 5. Nb5 d6 6. N1c3 a6 7. Na3 b5 8. Nd5 Nce7 9. Bg5 Rb8 10. c3 h6 11. Qh5 Be6 12. Nb4 Qc8 13. Nbc2 Bg4 14. Qh4 Ng6 15. Qg3 hxg5 16. f3 Be6 17. Qxg5 Be7 18. Qd2 Nf6 19. Ne3 Qd7 20. Bd3 d5 21. exd5 Nxd5 22. Bxg6 fxg6 23. Nxd5 Qxd5 24. Qxd5 Bxd5 25. 0-0-0 Bxa2 26. Rde1 Kf7 27. Rxe5 Bd6 28. Re4 Rxh2 29. Rd1 Rd8 30. Red4 Ke7 31. Nc2 Bb3 32. Nb4 Bf4+ 33. Kb1 Rxd4 34. Re1+ Kd6 0-1

[Event "CFO-chT"]
[Site "Elets"]
[Date "2008.12.20"]
[Round "5"]
[White "Popova, Anna"]
[Black "Lomakina, Galja"]
[Result "0-1"]
[WhiteElo "1987"]
[BlackElo "2058"]
[PlyCount "58"]
[EventDate "2008.12.17"]
[EventType "team-tourn"]
[EventRounds "7"]
[EventCountry "RUS"]
[SourceTitle "EXT 2011"]
[Source "ChessBase"]
[SourceDate "2010.11.26"]
[SourceVersion "1"]
[SourceVersionDate "2010.11.26"]
[SourceQuality "1"]

1. e4 Nf6 2. e5 Nd5 3. d4 d6 4. c4 Nb6 5. Nf3 Bg4 6. exd6 cxd6 7. Nc3 g6 8. Be2 Bg7 9. 0-0 0-0 10. b3 Nc6 11. Be3 e5 12. d5 Bxf3 13. Bxf3 Nd4 14. Rc1 f5 15. Bxd4 exd4 16. Nb5 Be5 17. Nxd4 Qh4 18. g3 Qxd4 19. Qc2 Qb2 20. Qxb2 Bxb2 21. Rc2 Bd4 22. Re1 Rfe8 23. Rce2 Rxe2 24. Rxe2 Kf7 25. Kf1 Nd7 26. Re6 Be5 27. b4 a5 28. a3 axb4 29. axb4 Nf8 0-1